| 000 | 01795 a2200217 4500 | ||
|---|---|---|---|
| 001 | 47174 | ||
| 005 | 20260407155740.0 | ||
| 008 | 260407a2005 arg spa d | ||
| 003 | AR-UNSa-BCEJYS | ||
| 040 |
_aAR-UNSa-BCEJYS _bspa _cAR-UNSa-BCEJYS |
||
| 080 |
_a658.15 _xAdministración financiera privada. Gestión financiera de empresas |
||
| 245 | 1 | 0 |
_aMercado de capitales, administración de portafolios y corporate Governance _pun enfoque basdao en costos transaccionales, conflictos de intereses y arbitraje financiero |
| 020 | _a987-03-0581-4 | ||
| 264 | 1 |
_aBuenos Aires : _bLa Ley _c2005 |
|
| 300 |
_a450 p. _c26 cm. |
||
| 505 | _a1. La estructura transaccional de los mercados - 2. La estructura de los mercados financieros - 3. El mercado de Capitales - 4. Rentabilidad y riesgo de activos financieros - 5. Introducción a la administración de portafolios - 6. Expectativas homogéneas, el portafolio de mercado y los portafolios de separación - 7. El arbitraje y el mundo real - 8. El pricing de los activos financieros - 9. Eficiencia en los mercados de capitales - 10. Conflictos de intereses mercados de capitales - 11. Corporate Governance - 12. Corporate Governance en Argentina - 13. Etapas de crecimiento, financiación y Governancia - 14. Tópicos avanzados I : Tasas diferenciales de rentabilidad, conjuntos residuales de información y algebras transaccionales - 15. Tópicos avanzados II : Tasas diferenciales de rentabilidad, conjuntos residuales de información y algebras transaccionales - 16. Tópicos avanzados III : Valor fundamental de un activo financiero. | ||
| 942 | _cBK | ||
| 590 | _aniveau_biblio:m niveau_hierar:0 | ||
| 100 | 1 | _aApreda, Rodolfo | |
| 856 | 4 | 1 |
_uhttps://www.biblioeco.unsa.edu.ar/pmb/images/libros/L127418.jpg _yImagen de portada _qimage/jpeg |
| 999 |
_c4310 _d4310 |
||